[Event "Titled Tuesday intern op 03rd Jan Late"]
[Site "Chess.com INT"]
[Date "2023.01.03"]
[Round "3"]
[White "Kuzmicz, Krystian"]
[Black "Jacobson, Brandon"]
[Result "0-1"]
[WhiteElo "2466"]
[BlackElo "2546"]
[PlyCount "48"]
[EventDate "2023.01.03"]
[EventType "swiss (blitz)"]
[EventRounds "11"]
[EventCountry "USA"]
[SourceTitle "EXT 2024"]
[Source "ChessBase"]
[SourceDate "2023.10.10"]
[SourceVersion "1"]
[SourceVersionDate "2023.10.10"]
[SourceQuality "1"]

1. e4 c5 2. d3 Nc6 3. g3 g6 4. Bg2 Bg7 5. f4 d6 6. Nf3 Qd7 7. 0-0 b6 8. Nc3 Bb7 9. h3 0-0-0 10. Be3 f5 11. Kh2 Nf6 12. exf5 gxf5 13. d4 e6 14. dxc5 bxc5 15. Qe2 Rhg8 16. Rad1 Nh5 17. Bf2 Bf6 18. Rfe1 Rde8 19. Ng5 Bxg5 20. Qxh5 Bxf4 21. gxf4 Rxg2+ 22. Kxg2 Nd4+ 23. Kf1 Qc6 24. Qg5 Qh1+ 0-1

[Event "Titled Tuesday intern op 20th Dec Late"]
[Site "Chess.com INT"]
[Date "2022.12.20"]
[Round "4"]
[White "Kuzmicz, Krystian"]
[Black "Hirneise, Jens"]
[Result "0-1"]
[WhiteElo "2466"]
[BlackElo "2266"]
[PlyCount "94"]
[EventDate "2022.12.20"]
[EventType "swiss (blitz)"]
[EventRounds "11"]
[EventCountry "USA"]
[SourceTitle "EXT 2024"]
[Source "ChessBase"]
[SourceDate "2023.10.10"]
[SourceVersion "1"]
[SourceVersionDate "2023.10.10"]
[SourceQuality "1"]

1. e4 c5 2. d3 Nc6 3. g3 h5 4. Bg2 h4 5. g4 d6 6. h3 e5 7. f4 exf4 8. Bxf4 g5 9. Bh2 Bg7 10. Nc3 a6 11. Nf3 Be6 12. Qd2 f6 13. Nd5 Nge7 14. c4 Bxd5 15. exd5 Ne5 16. Nxe5 dxe5 17. Be4 Qd6 18. 0-0 0-0 19. a3 b5 20. b4 Rfc8 21. Rfc1 Rab8 22. Rab1 bxc4 23. dxc4 Rd8 24. Qf2 Rdc8 25. Kh1 Ra8 26. Bg1 cxb4 27. c5 Qb8 28. axb4 Qb5 29. d6 Nc6 30. Bd5+ Kh8 31. Bc4 Qb7 32. Qf5 Nd4+ 33. Kh2 Nxf5 34. gxf5 Qf3 35. Be6 Qg3+ 36. Kh1 Qxh3+ 37. Bh2 Qf3+ 38. Kg1 g4 39. Rb3 Qe4 40. Bxc8 Rxc8 41. d7 Qd4+ 42. Kf1 Qxd7 43. Bg1 Bh6 44. Rcc3 Qxf5+ 45. Kg2 h3+ 46. Kh1 Qe4+ 47. Kh2 Qg2# 0-1

[Event "EU-ch Rapid"]
[Site "Katowice"]
[Date "2022.12.18"]
[Round "10"]
[White "Kuzmicz, Krystian"]
[Black "Kosakowski, Jakub"]
[Result "0-1"]
[WhiteElo "2466"]
[BlackElo "2475"]
[PlyCount "120"]
[EventDate "2022.12.17"]
[EventType "swiss (rapid)"]
[EventRounds "11"]
[EventCountry "POL"]
[SourceTitle "CBM 211 Extra"]
[Source "ChessBase"]
[SourceDate "2023.01.31"]
[SourceVersion "1"]
[SourceVersionDate "2023.01.31"]
[SourceQuality "1"]

1. e4 c6 2. Nf3 d5 3. d3 g6 4. e5 f6 5. d4 Bg7 6. c4 fxe5 7. dxe5 Bg4 8. cxd5 Qxd5 9. Qxd5 cxd5 10. Nc3 Nc6 11. Nxd5 0-0-0 12. Ne3 Bxf3 13. gxf3 Nxe5 14. Ke2 Nf6 15. Bh3+ Kb8 16. Rd1 Nh5 17. Nd5 Rhf8 18. Bg5 Rxf3 19. Bg2 Rf7 20. Rac1 Nc6 21. Rc4 Rdf8 22. Be3 e6 23. Nb4 Na5 24. Rc5 Nf4+ 25. Kf1 Nxg2 26. Kxg2 b6 27. Nc6+ Kc7 28. Rc2 Nxc6 29. Rdc1 Kb7 30. Rxc6 Bxb2 31. R1c2 e5 32. Rd6 Ba3 33. Re6 Re7 34. Rec6 Rff7 35. Kg3 Rc7 36. Rxc7+ Rxc7 37. Re2 Kc6 38. Kg4 Be7 39. Bh6 Kd5 40. f4 exf4 41. Bxf4 h5+ 42. Kf3 Rc3+ 43. Kg2 Bf6 44. Bb8 a5 45. Rd2+ Kc5 46. a4 Rb3 47. Rd7 h4 48. Rc7+ Kb4 49. Rc6 h3+ 50. Kf1 Rb1+ 51. Ke2 Bd4 52. Bd6+ Kb3 53. Kd3 Bg1 54. Bc7 Kxa4 55. Rxg6 Bc5 56. Rh6 Kb5 57. Kc2 Re1 58. Rxh3 a4 59. Rh5 a3 60. Be5 a2 0-1